000 00725nam a2200265Ia 4500
005 20260121170713.0
008 008 260114s9999 xx 000 0 eng d
020 _a9783319979311
037 _aEBOOK
040 _aCRL
040 _beng
040 _cCRL
041 _2eng
041 _aeng
084 _qCRL
100 _aHongxiu Li, Ágústa Pálsdóttir, Roland Trill, Reima Suomi, Yevgeniya Amelina
_91067136
245 0 _aWell-Being in the Information Society. Fighting Inequalities
260 _bSpringer
260 _bSpringer
260 _c2018
856 _uhttps://link.springer.com/openurl?genre=book&isbn=978-3-319-97931-1
942 _cEBOOK
999 _c1632866
_d1632866